La ciudad que tenemos no es la ciudad que queremos (Registro nro. 67330)

Detalles MARC
000 -CABECERA
campo de control de longitud fija 00832nam a2200265Ia 4500
001 - NÚMERO DE CONTROL
campo de control 67330
003 - IDENTIFICADOR DEL NÚMERO DE CONTROL
campo de control 140463
005 - FECHA Y HORA DE LA ÚLTIMA TRANSACCIÓN
campo de control 20260225063000.0
008 - DATOS DE LONGITUD FIJA--INFORMACIÓN GENERAL
campo de control de longitud fija ||||||n9999 ||| || ||
041 ## - CÓDIGO DE LENGUA
Código de lengua del texto/banda sonora o título independiente spa
100 ## - ENTRADA PRINCIPAL--NOMBRE DE PERSONA
Nombre de persona Manrique Reyes, Alfredo
9 (RLIN) 4712
245 #0 - MENCIÓN DE TÍTULO
Título La ciudad que tenemos no es la ciudad que queremos
Resto del título pronunciamientos de la Veeduria Distrital
260 ## - PUBLICACIÓN, DISTRIBUCIÓN, ETC.
Lugar de publicación, distribución, etc. Bogotá :
Nombre del editor, distribuidor, etc. La Veeduria,
Fecha de publicación, distribución, etc. 1996.
300 ## - DESCRIPCIÓN FÍSICA
Extensión 120p
490 ## - MENCIÓN DE SERIE
Mención de serie Instrumentos contra la corrupcion
Designación de volumen o secuencia 4
562 ## - NOTA DE IDENTIFICACIÓN DE LA COPIA Y VERSIÓN
Número de copias 1
650 #0 - PUNTO DE ACCESO ADICIONAL DE MATERIA--TÉRMINO DE MATERIA
Término de materia o nombre geográfico como elemento de entrada Administración distrital
9 (RLIN) 12610
650 #0 - PUNTO DE ACCESO ADICIONAL DE MATERIA--TÉRMINO DE MATERIA
Término de materia o nombre geográfico como elemento de entrada ANÁLISIS ADMINISTRATIVO
9 (RLIN) 4467
650 ## - PUNTO DE ACCESO ADICIONAL DE MATERIA--TÉRMINO DE MATERIA
Término de materia o nombre geográfico como elemento de entrada CONTROL Y SEGUIMIENTO DE POLITICA
9 (RLIN) 32088
650 #0 - PUNTO DE ACCESO ADICIONAL DE MATERIA--TÉRMINO DE MATERIA
Término de materia o nombre geográfico como elemento de entrada Evaluación de la gestión
9 (RLIN) 8963
650 #0 - PUNTO DE ACCESO ADICIONAL DE MATERIA--TÉRMINO DE MATERIA
Término de materia o nombre geográfico como elemento de entrada GESTION PUBLICA--BOGOTA (COLOMBIA)
9 (RLIN) 8964
651 #0 - PUNTO DE ACCESO ADICIONAL DE MATERIA--NOMBRE GEOGRÁFICO
Nombre geográfico Bogotá (Colombia)
9 (RLIN) 20469
942 ## - ELEMENTOS DE PUNTO DE ACCESO ADICIONAL (KOHA)
Tipo de ítem Koha Documento Externo
942 ## - ELEMENTOS DE PUNTO DE ACCESO ADICIONAL (KOHA)
Tipo de ítem Koha Documento Gobierno
Existencias
Estado de retiro Estado de pérdida Estado dañado No para préstamo Código de colección Localización permanente Ubicación/localización actual Fecha de adquisición Coste, precio normal de compra Signatura topográfica completa Código de barras Número de copia Tipo de ítem Koha
        Documentos de Gobierno Bogotá - Sede Central Bogotá - Sede Central 07/09/2022 35000.00 D.G.1958 63043 1 Documento Gobierno